| 000 | 00330nam a22001337a 4500 | ||
|---|---|---|---|
| 082 |
_a425 _bABO/E |
||
| 100 | _aKUNJU,ABOOBAKER | ||
| 245 | _aENGLISH GRAMMAR& COMPOSITION | ||
| 260 |
_aTRIVANDRUM _bPRABHATH BOOK HOUSE |
||
| 300 | _a136 | ||
| 650 |
_aENGLISH GRAMMAR & COMPOSITION _zKERALA |
||
| 700 | _aKUNJU,ABOOBAKER | ||
| 942 | _cBK | ||
| 999 |
_c3801 _d3801 |
||